00618 2200217 4500001002100000005001700021008004100038035002400079082001900103090002400122245009400146260002900240300002300269500002600292650002600318850001200344980001100356985000600367986001200373999001500385YOGYA-0209000002516420090227023927.0 ind  0010-020900000025164 a391.959 855 23 a391.959 855 23bUpa aUPACARA dan busana adat Bima dalam naskah abad ke-18 dan ke-19 daerah Nusa Tenggara Barat aJakartabDepdikbudc1993 avii, 86 hlmc21 cm aBibliografi : hlm. 86 aPakaian Daerah - Bima aYOPDYOG a111206 a1 aida-pkl a06A0016458